ANTOLOGIA POETICA/

INCLUYE BIBLIOGRAFIA

Spremljeno u:
Bibliografski detalji
Glavni autor: Neruda, Pablo (autor)
Format: Knjiga
Serija:EL LIBRO DE BOLSILLO; 862, 863
Teme:
Oznake: Dodaj oznaku
Bez oznaka, Budi prvi tko označuje ovaj zapis!

MARC

LEADER 00000nam^a2200000^a^4500
001 000224118
005 20250521000000.0
009 20260310104038.024
020 |a 84-206-1863-2 
035 |a 042917 
037 |a Acervo Xavier Clavigero 
082 |a 861. 44 NER V. 
100 |a Neruda, Pablo  |e (autor) 
245 1 0 |a ANTOLOGIA POETICA/  |c PABLO NERUDA 
264 |a MADRID :  |b ALIANZA,  |c 1981 
300 |a V.- 2ej. 
336 |a texto  |b txt  |2 rdacontenido 
337 |a sin mediación  |b n  |2 rdamedio 
338 |a volumen  |b nc  |2 rdasoporte 
440 |a EL LIBRO DE BOLSILLO;  |v 862, 863 
520 |a INCLUYE BIBLIOGRAFIA 
649 |a XX 
650 |a POESIA -  |x COLECCIONES 
650 |a Literatura Chilena 
910 |a Fondo General 
920 |a Impresos - Libros 
930 |a Colección General 
940 |a Literatura 
905 |a 101 
901 |a 042917  |b IT1  |c LIT  |i 042917  |u 20250521 
901 |a 042879  |b IT1  |c LIT  |i 042879  |u 20250521 
902 |a https://opac.biblio.iteso.mx/vufind/Record/000224118